| 000 | 01620nam a2200397 a 4500 | ||
|---|---|---|---|
| 001 | ebr10271424 | ||
| 003 | CaPaEBR | ||
| 006 | m u | ||
| 007 | cr cn||||||||| | ||
| 008 | 050418s2005 enkab sb 001 0 eng | ||
| 010 | _z 2005272859 | ||
| 015 |
_aGBA507802 _2bnb |
||
| 016 | 7 |
_z013093587 _2Uk |
|
| 020 | _z0198221665 (hbk.) | ||
| 040 |
_aCaPaEBR _cCaPaEBR |
||
| 035 | _a(OCoLC)137239830 | ||
| 043 | _ae-uk-en | ||
| 050 | 1 | 4 |
_aHC254 _b.D928 2005eb |
| 082 | 0 | 4 |
_a942.03 _222 |
| 100 | 1 |
_aDyer, Christopher, _d1944- |
|
| 245 | 1 | 3 |
_aAn age of transition? _h[electronic resource] : _beconomy and society in England in the later Middle Ages / _cChristopher Dyer. |
| 260 |
_aOxford ; _aNew York : _bOxford University Press, _c2005. |
||
| 300 |
_avi, 293 p. : _bill., maps. |
||
| 490 | 1 | _aThe Ford lectures | |
| 500 | _a"The Ford Lectures delivered in the University of Oxford in Hilary Term 2001." | ||
| 504 | _aIncludes bibliographical references (p. [247]-279) and index. | ||
| 533 |
_aElectronic reproduction. _bPalo Alto, Calif. : _cebrary, _d2013. _nAvailable via World Wide Web. _nAccess may be limited to ebrary affiliated libraries. |
||
| 651 | 0 |
_aEngland _xEconomic conditions _y1066-1485. |
|
| 651 | 0 |
_aEngland _xEconomic conditions _y16th century. |
|
| 651 | 0 |
_aEngland _xSocial conditions _y1066-1485. |
|
| 651 | 0 |
_aEngland _xSocial conditions _y16th century. |
|
| 655 | 7 |
_aElectronic books. _2local |
|
| 710 | 2 | _aebrary, Inc. | |
| 830 | 0 | _aFord lectures. | |
| 856 | 4 | 0 |
_uhttp://site.ebrary.com/lib/rucke/Doc?id=10271424 _zAn electronic book accessible through the World Wide Web; click to view |
| 999 |
_c7300 _d7300 |
||